[Event "Stay Safe Play From Home 378"]
[Site "Emanuel Lasker Arena"]
[Date "2020.08.12"]
[Round "1"]
[White "Mepe_Nika"]
[Black "Greblah"]
[Result "1-0"]
[WhiteElo "2365"]
[BlackElo "1940"]
[PlyCount "93"]
[EventDate "2020.08.12"]
[EventType "swiss (blitz)"]

1. d4 {[%emt 0:00:05]} c6 {[%emt 0:00:00]} 2. e4 {[%emt 0:00:01]} d5 {[%emt 0:00:00]} 3. exd5 {[%emt 0:00:00]} cxd5 {[%emt 0:00:02]} 4. Bd3 {[%emt 0:00:00]} Nc6 {[%emt 0:00:02]} 5. c3 {[%emt 0:00:01]} g6 {[%emt 0:00:01]} 6. h4 {[%emt 0:00:02]} h5 {[%emt 0:00:03]} 7. Nh3 {[%emt 0:00:02]} Bg7 {[%emt 0:00:02]} 8. Ng5 {[%emt 0:00:01]} Nh6 {[%emt 0:00:09]} 9. O-O {[%emt 0:00:02]} Bf5 {[%emt 0:00:06]} 10. Re1 {[%emt 0:00:01]} Bxd3 {[%emt 0:00:04]} 11. Qxd3 {[%emt 0:00:00]} O-O {[%emt 0:00:06]} 12. Nd2 {[%emt 0:00:11]} Nf5 {[%emt 0:00:06]} 13. g3 {[%emt 0:00:01]} e6 {[%emt 0:00:03]} 14. Ndf3 {[%emt 0:00:01]} a6 {[%emt 0:00:06]} 15. Bf4 {[%emt 0:00:01]} b5 {[%emt 0:00:05]} 16. a3 {[%emt 0:00:01]} Qb6 {[%emt 0:00:07]} 17. Re2 {[%emt 0:00:16]} a5 {[%emt 0:00:09]} 18. b3 {[%emt 0:00:09]} b4 {[%emt 0:00:06]} 19. Be5 {[%emt 0:00:37]} bxc3 {[%emt 0:00:17]} 20. Qxc3 {[%emt 0:00:06]} Nxe5 {[%emt 0:00:16]} 21. Nxe5 {[%emt 0:00:13]} Qxd4 {[%emt 0:00:12]} 22. Rc1 {[%emt 0:00:07]} Bxe5 {[%emt 0:00:15]} 23. Rxe5 {[%emt 0:00:08]} Qxc3 {[%emt 0:00:42]} 24. Rxc3 {[%emt 0:00:00]} Rfc8 {[%emt 0:00:02]} 25. Rxc8+ {[%emt 0:00:08]} Rxc8 {[%emt 0:00:01]} 26. Re2 {[%emt 0:00:00]} Nd4 {[%emt 0:00:19]} 27. Rb2 {[%emt 0:00:04]} Rc2 {[%emt 0:00:20]} 28. Rb1 {[%emt 0:00:01]} Ra2 {[%emt 0:00:05]} 29. b4 {[%emt 0:00:01]} Rxa3 {[%emt 0:00:16]} 30. bxa5 {[%emt 0:00:01]} f6 {[%emt 0:00:22]} 31. Rb8+ {[%emt 0:00:02]} Kg7 {[%emt 0:00:01]} 32. Rb7+ {[%emt 0:00:00]} Kg8 {[%emt 0:00:05]} 33. Rb8+ {[%emt 0:00:02]} Kg7 {[%emt 0:00:01]} 34. Rb7+ {[%emt 0:00:00]} Kg8 {[%emt 0:00:01]} 35. Nh7 {[%emt 0:00:00]} Ra1+ {[%emt 0:00:04]} 36. Kg2 {[%emt 0:00:01]} Rxa5 {[%emt 0:00:00]} 37. Nxf6+ {[%emt 0:00:01]} Kf8 {[%emt 0:00:02]} 38. Nd7+ {[%emt 0:00:01]} Ke7 {[%emt 0:00:07]} 39. Ne5+ {[%emt 0:00:00]} Kf6 {[%emt 0:00:05]} 40. f4 {[%emt 0:00:01]} Kf5 {[%emt 0:00:03]} 41. Rf7+ {[%emt 0:00:08]} Ke4 {[%emt 0:00:02]} 42. Nxg6 {[%emt 0:00:00]} Ra2+ {[%emt 0:00:01]} 43. Kh3 {[%emt 0:00:30]} Nf3 {[%emt 0:00:01]} 44. g4 {[%emt 0:00:00]} Rh2+ {[%emt 0:00:02]} 45. Kg3 {[%emt 0:00:01]} Rxh4 {[%emt 0:00:01]} 46. Nxh4 {[%emt 0:00:02]} hxg4 {[%emt 0:00:02]} 47. Nxf3 {[%emt 0:00:01] Zeit Zeit Zeit (Lag: Av=0.37s, max=0.9s) (Lag: Av=0.37s, max=0.9s) (Lag: Av=0.37s, max=0.9s)} 1-0

[Event "Stay Safe Play From Home 378"]
[Site "Emanuel Lasker Arena"]
[Date "2020.08.12"]
[Round "1"]
[White "MihailoVujic"]
[Black "Oznog"]
[Result "1-0"]
[WhiteElo "2171"]
[BlackElo "1724"]
[PlyCount "59"]
[EventDate "2020.08.12"]
[EventType "swiss (blitz)"]

1. e4 {[%emt 0:00:01]} c5 {[%emt 0:01:43]} 2. c3 {[%emt 0:00:02]} g6 {[%emt 0:00:02]} 3. d4 {[%emt 0:00:01]} cxd4 {[%emt 0:00:02]} 4. cxd4 {[%emt 0:00:01]} Bg7 {[%emt 0:00:01]} 5. Nc3 {[%emt 0:00:02]} e6 {[%emt 0:00:02]} 6. Nf3 {[%emt 0:00:02]} Ne7 {[%emt 0:00:01]} 7. Bf4 {[%emt 0:00:02]} a6 {[%emt 0:00:02]} 8. Qd2 {[%emt 0:00:02]} Nbc6 {[%emt 0:00:04]} 9. O-O-O {[%emt 0:00:04]} h5 {[%emt 0:00:02]} 10. Kb1 {[%emt 0:00:04]} b5 {[%emt 0:00:02]} 11. d5 {[%emt 0:00:01]} exd5 {[%emt 0:00:21]} 12. exd5 {[%emt 0:00:02]} Nb4 {[%emt 0:00:14]} 13. d6 {[%emt 0:00:06]} Nf5 {[%emt 0:00:09]} 14. Re1+ {[%emt 0:00:25]} Kf8 {[%emt 0:00:02]} 15. Nd5 {[%emt 0:00:03]} Nxd5 {[%emt 0:00:39]} 16. Qxd5 {[%emt 0:00:00]} Rb8 {[%emt 0:00:08]} 17. Ng5 {[%emt 0:00:02]} Qf6 {[%emt 0:00:07]} 18. Qd2 {[%emt 0:00:11]} Bb7 {[%emt 0:00:16]} 19. Be5 {[%emt 0:00:09]} Qd8 {[%emt 0:00:08]} 20. Bxg7+ {[%emt 0:00:05]} Kxg7 {[%emt 0:00:00]} 21. Qc3+ {[%emt 0:00:03]} f6 {[%emt 0:00:03]} 22. Nf3 {[%emt 0:00:52]} Bxf3 {[%emt 0:00:02]} 23. Qxf3 {[%emt 0:00:04]} Re8 {[%emt 0:00:01]} 24. Bd3 {[%emt 0:00:02]} Nd4 {[%emt 0:00:05]} 25. Qg3 {[%emt 0:00:03]} g5 {[%emt 0:00:09]} 26. h4 {[%emt 0:00:02]} g4 {[%emt 0:00:01]} 27. Qf4 {[%emt 0:00:07]} Rxe1+ {[%emt 0:00:02]} 28. Rxe1 {[%emt 0:00:01]} Qb6 {[%emt 0:00:02]} 29. Re7+ {[%emt 0:00:05]} Kg8 {[%emt 0:00:01]} 30. Qh6 {[%emt 0:00:07] Oznog resigns Oznog resigns Oznog resigns (Lag: Av=0.57s, max=0.9s) (Lag: Av=0.57s, max=0.9s) (Lag: Av=0.57s, max=0.9s)} 1-0

[Event "Stay Safe Play From Home 378"]
[Site "Emanuel Lasker Arena"]
[Date "2020.08.12"]
[Round "1"]
[White "Ionelluca"]
[Black "Erdema"]
[Result "1-0"]
[WhiteElo "1947"]
[BlackElo "1673"]
[PlyCount "99"]
[EventDate "2020.08.12"]
[EventType "swiss (blitz)"]

1. e4 {[%emt 0:00:05]} e5 {[%emt 0:00:10]} 2. Bc4 {[%emt 0:00:02]} Nc6 {[%emt 0:00:02]} 3. Nf3 {[%emt 0:00:01]} Bc5 {[%emt 0:00:02]} 4. b4 {[%emt 0:00:02]} Bxb4 {[%emt 0:00:02]} 5. c3 {[%emt 0:00:01]} Bc5 {[%emt 0:00:01]} 6. O-O {[%emt 0:00:02]} d6 {[%emt 0:00:02]} 7. d4 {[%emt 0:00:01]} exd4 {[%emt 0:00:01]} 8. cxd4 {[%emt 0:00:02]} Bb6 {[%emt 0:00:01]} 9. Qb3 {[%emt 0:00:06]} Qe7 {[%emt 0:00:03]} 10. Bg5 {[%emt 0:00:02]} f6 {[%emt 0:00:12]} 11. Bxg8 {[%emt 0:00:06]} fxg5 {[%emt 0:00:03]} 12. Bxh7 {[%emt 0:00:02]} Nxd4 {[%emt 0:00:10]} 13. Bg6+ {[%emt 0:00:03]} Kd8 {[%emt 0:00:04]} 14. Qd3 {[%emt 0:00:29]} Nxf3+ {[%emt 0:00:09]} 15. Qxf3 {[%emt 0:00:01]} Be6 {[%emt 0:00:03]} 16. Nd2 {[%emt 0:00:05]} Kd7 {[%emt 0:00:02]} 17. Bf5 {[%emt 0:00:01]} Rae8 {[%emt 0:00:03]} 18. Rad1 {[%emt 0:00:02]} Ref8 {[%emt 0:00:00]} 19. Nc4 {[%emt 0:00:03]} g6 {[%emt 0:00:04]} 20. Nxb6+ {[%emt 0:00:05]} axb6 {[%emt 0:00:03]} 21. Bxe6+ {[%emt 0:00:03]} Qxe6 {[%emt 0:00:02]} 22. Qg3 {[%emt 0:00:02]} g4 {[%emt 0:00:04]} 23. e5 {[%emt 0:00:04]} Qf5 {[%emt 0:00:05]} 24. exd6 {[%emt 0:00:03]} Kc8 {[%emt 0:00:06]} 25. dxc7 {[%emt 0:00:03]} Rf7 {[%emt 0:00:06]} 26. Rd8+ {[%emt 0:00:06]} Rxd8 {[%emt 0:00:04]} 27. cxd8=Q+ {[%emt 0:00:01]} Kxd8 {[%emt 0:00:02]} 28. Qb8+ {[%emt 0:00:01]} Ke7 {[%emt 0:00:01]} 29. Qxb7+ {[%emt 0:00:03]} Kf8 {[%emt 0:00:02]} 30. Qxb6 {[%emt 0:00:03]} Rh7 {[%emt 0:00:04]} 31. Rd1 {[%emt 0:00:07]} Re7 {[%emt 0:00:05]} 32. Rd8+ {[%emt 0:00:04]} Kf7 {[%emt 0:00:04]} 33. Qb3+ {[%emt 0:00:01]} Qe6 {[%emt 0:00:06]} 34. g3 {[%emt 0:00:10]} Kg7 {[%emt 0:00:11]} 35. Qc3+ {[%emt 0:00:04]} Kf7 {[%emt 0:00:09]} 36. Qb3 {[%emt 0:00:09]} Kg7 {[%emt 0:00:03]} 37. Qxe6 {[%emt 0:00:04]} Rxe6 {[%emt 0:00:01]} 38. Rd4 {[%emt 0:00:03]} Ra6 {[%emt 0:00:03]} 39. a4 {[%emt 0:00:01]} Kf6 {[%emt 0:00:02]} 40. Rxg4 {[%emt 0:00:01]} Kf5 {[%emt 0:00:01]} 41. Rb4 {[%emt 0:00:01]} g5 {[%emt 0:00:02]} 42. h3 {[%emt 0:00:01]} Kg6 {[%emt 0:00:04]} 43. Kg2 {[%emt 0:00:01]} Kf6 {[%emt 0:00:02]} 44. h4 {[%emt 0:00:02]} gxh4 {[%emt 0:00:02]} 45. Rxh4 {[%emt 0:00:01]} Ra5 {[%emt 0:00:03]} 46. Rb4 {[%emt 0:00:03]} Ke6 {[%emt 0:00:03]} 47. g4 {[%emt 0:00:01]} Kf6 {[%emt 0:00:02]} 48. Kg3 {[%emt 0:00:01]} Kg5 {[%emt 0:00:02]} 49. Rb5+ {[%emt 0:00:02]} Rxb5 {[%emt 0:00:03]} 50. axb5 {[%emt 0:00:01] Erdema terk eder Erdema terk eder Erdema terk eder (Lag: Av=0.64s, max=1.3s) (Lag: Av=0.64s, max=1.3s) (Lag: Av=0.64s, max=1.3s)} 1-0

[Event "Stay Safe Play From Home 378"]
[Site "Emanuel Lasker Arena"]
[Date "2020.08.12"]
[Round "1"]
[White "Haris kollari 13"]
[Black "Klasman"]
[Result "1-0"]
[WhiteElo "1909"]
[BlackElo "1579"]
[Annotator "NA"]
[PlyCount "87"]
[EventDate "2020.08.12"]
[EventType "swiss (blitz)"]

1. e4 {[%emt 0:00:02]} f5 {[%emt 0:01:08]} 2. e5 {[%emt 0:00:10]} d6 {[%emt 0:00:03]} 3. f4 {[%emt 0:00:01]} Nh6 {[%emt 0:00:05]} 4. Nf3 {[%emt 0:00:01]} Ng4 {[%emt 0:00:02]} 5. h3 {[%emt 0:00:02]} Nh6 {[%emt 0:00:04]} 6. d4 {[%emt 0:00:01]} e6 {[%emt 0:00:02]} 7. c3 {[%emt 0:00:02]} Nc6 {[%emt 0:00:03]} 8. Be3 {[%emt 0:00:03]} d5 {[%emt 0:00:02]} 9. Bd3 {[%emt 0:00:03]} Be7 {[%emt 0:00:01]} 10. Nbd2 {[%emt 0:00:02]} Bh4+ {[%emt 0:00:01]} 11. Bf2 {[%emt 0:00:09]} Bxf2+ {[%emt 0:00:05]} 12. Kxf2 {[%emt 0:00:01]} Nf7 {[%emt 0:00:03]} 13. Bb5 {[%emt 0:00:06]} Bd7 {[%emt 0:00:02]} 14. a4 {[%emt 0:00:03]} a6 {[%emt 0:00:01]} 15. Bd3 {[%emt 0:00:02]} Qe7 {[%emt 0:00:11]} 16. b4 {[%emt 0:00:02]} Rg8 {[%emt 0:00:02]} 17. h4 {[%emt 0:00:03]} h6 {[%emt 0:00:04]} 18. Be2 {[%emt 0:00:02]} g5 {[%emt 0:00:01]} 19. fxg5 {[%emt 0:00:04]} hxg5 {[%emt 0:00:01]} 20. hxg5 {[%emt 0:00:03]} Nxg5 {[%emt 0:00:03]} 21. Nxg5 {[%emt 0:00:14]} Qxg5 {[%emt 0:00:04]} 22. Bf3 {[%emt 0:00:01]} Ne7 {[%emt 0:00:06]} 23. Ke2 {[%emt 0:00:07]} Ng6 {[%emt 0:00:03]} 24. Qf1 {[%emt 0:00:14]} Nf4+ {[%emt 0:00:05]} 25. Kd1 {[%emt 0:00:02]} Nxg2 {[%emt 0:00:03]} 26. Bxg2 {[%emt 0:00:12]} Qxg2 {[%emt 0:00:01]} 27. Qxg2 {[%emt 0:00:04]} Rxg2 {[%emt 0:00:02]} 28. Rh8+ {[%emt 0:00:01]} Kf7 {[%emt 0:00:02]} 29. Rxa8 {[%emt 0:00:02]} Rg1+ {[%emt 0:00:01]} 30. Ke2 {[%emt 0:00:01]} Rxa1 {[%emt 0:00:02]} 31. Ra7 {[%emt 0:00:03]} Bxa4 {[%emt 0:00:03]} 32. Rxb7 {[%emt 0:00:02]} Bb5+ {[%emt 0:00:03]} 33. Kf2 {[%emt 0:00:06]} Rd1 {[%emt 0:00:03]} 34. Nf3 {[%emt 0:00:05]} Rf1+ {[%emt 0:00:03]} 35. Kg3 {[%emt 0:00:01]} Be2 {[%emt 0:00:07]} 36. Ng5+ {[%emt 0:00:10]} Kg6 {[%emt 0:00:04]} 37. Nxe6 {[%emt 0:00:01]} Rf3+ {[%emt 0:00:01]} 38. Kg2 {[%emt 0:00:01]} Rxc3 {[%emt 0:00:02]} 39. Kf2 {[%emt 0:00:02]} Rc2 {[%emt 0:00:08]} 40. Ke3 {[%emt 0:00:02]} c6 {[%emt 0:00:07]} 41. Nf4+ {[%emt 0:00:02]} Kg5 {[%emt 0:00:03]} 42. Nxe2 {[%emt 0:00:01]} f4+ {[%emt 0:00:01]} 43. Nxf4 {[%emt 0:00:05]} Rc3+ {[%emt 0:00:02]} 44. Nd3 {[%emt 0:00:01] Klasman resigns Klasman resigns Klasman resigns (Lag: Av=0.52s, max=0.8s) (Lag: Av=0.52s, max=0.8s) (Lag: Av=0.52s, max=0.8s)} 1-0

[Event "Stay Safe Play From Home 378"]
[Site "Emanuel Lasker Arena"]
[Date "2020.08.12"]
[Round "1"]
[White "Padmaesh M K"]
[Black "SelamiSahin"]
[Result "0-1"]
[WhiteElo "1891"]
[BlackElo "2177"]
[PlyCount "94"]
[EventDate "2020.08.12"]
[EventType "swiss (blitz)"]

{- Yarar, Atakan} 1. e4 {[%emt 0:00:02]} c5 {[%emt 0:00:10]} 2. Nf3 {[%emt 0:00:09]} Nc6 {[%emt 0:00:01]} 3. d4 {[%emt 0:00:12]} cxd4 {[%emt 0:00:02]} 4. Nxd4 {[%emt 0:00:01]} Nf6 {[%emt 0:00:03]} 5. Nc3 {[%emt 0:00:01]} e5 {[%emt 0:00:06]} 6. Ndb5 {[%emt 0:00:04]} d6 {[%emt 0:00:02]} 7. Bg5 {[%emt 0:00:05]} a6 {[%emt 0:00:01]} 8. Na3 {[%emt 0:00:03]} b5 {[%emt 0:00:00]} 9. Nd5 {[%emt 0:00:04]} Be7 {[%emt 0:00:01]} 10. Nxe7 {[%emt 0:00:04]} Nxe7 {[%emt 0:00:08]} 11. Bxf6 {[%emt 0:00:04]} gxf6 {[%emt 0:00:00]} 12. c4 {[%emt 0:00:06]} b4 {[%emt 0:00:01]} 13. Qa4+ {[%emt 0:00:04]} Bd7 {[%emt 0:00:01]} 14. Qxb4 {[%emt 0:00:05]} Rb8 {[%emt 0:00:00]} 15. Qd2 {[%emt 0:00:05]} Bc6 {[%emt 0:00:01]} 16. O-O-O {[%emt 0:00:06]} Qb6 {[%emt 0:00:03]} 17. b3 {[%emt 0:00:05]} Bxe4 {[%emt 0:00:06]} 18. f4 {[%emt 0:00:03]} d5 {[%emt 0:00:03]} 19. cxd5 {[%emt 0:00:06]} Bxd5 {[%emt 0:00:08]} 20. Nc4 {[%emt 0:00:05]} Qe6 {[%emt 0:00:04]} 21. h4 {[%emt 0:00:11]} O-O {[%emt 0:00:01]} 22. Rh3 {[%emt 0:00:05]} Rfc8 {[%emt 0:00:04]} 23. Rc3 {[%emt 0:00:07]} e4 {[%emt 0:00:04]} 24. Kb1 {[%emt 0:00:05]} Rc6 {[%emt 0:00:12]} 25. f5 {[%emt 0:00:05]} Qd7 {[%emt 0:00:26]} 26. Ne3 {[%emt 0:00:02]} Rd6 {[%emt 0:00:01]} 27. g4 {[%emt 0:00:06]} Rd8 {[%emt 0:00:04]} 28. Qb2 {[%emt 0:00:16]} Bc6 {[%emt 0:00:05]} 29. Rxd6 {[%emt 0:00:04]} Qxd6 {[%emt 0:00:00]} 30. Bxa6 {[%emt 0:00:04]} Nd5 {[%emt 0:00:04]} 31. Nxd5 {[%emt 0:00:04]} Bxd5 {[%emt 0:00:01]} 32. Be2 {[%emt 0:00:03]} h6 {[%emt 0:00:24]} 33. Qd2 {[%emt 0:00:05]} Kg7 {[%emt 0:00:01]} 34. Qxd5 {[%emt 0:00:05]} Qxd5 {[%emt 0:00:02]} 35. Kb2 {[%emt 0:00:02]} Qd2+ {[%emt 0:00:01]} 36. Rc2 {[%emt 0:00:01]} Qd4+ {[%emt 0:00:01]} 37. Kb1 {[%emt 0:00:01]} Ra8 {[%emt 0:00:03]} 38. a4 {[%emt 0:00:05]} Rb8 {[%emt 0:00:01]} 39. Rb2 {[%emt 0:00:01]} e3 {[%emt 0:00:03]} 40. Bb5 {[%emt 0:00:01]} Rc8 {[%emt 0:00:04]} 41. Be2 {[%emt 0:00:03]} Rc3 {[%emt 0:00:03]} 42. Ka2 {[%emt 0:00:01]} h5 {[%emt 0:00:07]} 43. a5 {[%emt 0:00:04]} Qb4 {[%emt 0:00:04]} 44. a6 {[%emt 0:00:02]} hxg4 {[%emt 0:00:05]} 45. Kb1 {[%emt 0:00:02]} Rxb3 {[%emt 0:00:02]} 46. a7 {[%emt 0:00:02]} Rxb2+ {[%emt 0:00:01]} 47. Kc1 {[%emt 0:00:01]} Qd2# {[%emt 0:00:00] (Lag: Av=0.55s, max=1.2s) (Lag: Av=0.55s, max=1.2s) (Lag: Av=0.55s, max=1.2s)} 0-1

[Event "Stay Safe Play From Home 378"]
[Site "Emanuel Lasker Arena"]
[Date "2020.08.12"]
[Round "1"]
[White "buzaglo"]
[Black "Hickey"]
[Result "0-1"]
[WhiteElo "1731"]
[BlackElo "2031"]
[PlyCount "144"]
[EventDate "2020.08.12"]
[EventType "swiss (blitz)"]

1. d4 {[%emt 0:00:03]} Nf6 {[%emt 0:00:02]} 2. Nf3 {[%emt 0:00:01]} b6 {[%emt 0:00:02]} 3. g3 {[%emt 0:00:01]} Bb7 {[%emt 0:00:02]} 4. Bg2 {[%emt 0:00:01]} g6 {[%emt 0:00:01]} 5. O-O {[%emt 0:00:01]} Bg7 {[%emt 0:00:00]} 6. c4 {[%emt 0:00:01]} O-O {[%emt 0:00:01]} 7. Nc3 {[%emt 0:00:01]} d5 {[%emt 0:00:09]} 8. Ne5 {[%emt 0:00:04]} c6 {[%emt 0:00:03]} 9. cxd5 {[%emt 0:00:03]} cxd5 {[%emt 0:00:00]} 10. Qb3 {[%emt 0:00:03]} e6 {[%emt 0:00:04]} 11. Bg5 {[%emt 0:00:02]} h6 {[%emt 0:00:02]} 12. Bd2 {[%emt 0:00:01]} Nc6 {[%emt 0:00:04]} 13. Rac1 {[%emt 0:00:13]} Nxd4 {[%emt 0:00:06]} 14. Qd1 {[%emt 0:00:03]} Nc6 {[%emt 0:00:16]} 15. Nxc6 {[%emt 0:00:07]} Bxc6 {[%emt 0:00:00]} 16. h4 {[%emt 0:00:19]} Rc8 {[%emt 0:00:09]} 17. a3 {[%emt 0:00:04]} Qd7 {[%emt 0:00:05]} 18. Re1 {[%emt 0:00:12]} Rfd8 {[%emt 0:00:03]} 19. Qb3 {[%emt 0:00:02]} Qb7 {[%emt 0:00:05]} 20. Nb5 {[%emt 0:00:05]} Ne8 {[%emt 0:00:16]} 21. Nd4 {[%emt 0:00:02]} Bxd4 {[%emt 0:00:03]} 22. Bxh6 {[%emt 0:00:04]} Bg7 {[%emt 0:00:02]} 23. Bxg7 {[%emt 0:00:01]} Kxg7 {[%emt 0:00:00]} 24. h5 {[%emt 0:00:01]} gxh5 {[%emt 0:00:04]} 25. Qf3 {[%emt 0:00:13]} Nf6 {[%emt 0:00:05]} 26. Qf4 {[%emt 0:00:02]} Nh7 {[%emt 0:00:05]} 27. Qe5+ {[%emt 0:00:02]} f6 {[%emt 0:00:03]} 28. Qxe6 {[%emt 0:00:02]} Qd7 {[%emt 0:00:05]} 29. Qe3 {[%emt 0:00:04]} Bb7 {[%emt 0:00:03]} 30. Rcd1 {[%emt 0:00:03]} Ng5 {[%emt 0:00:06]} 31. Qd4 {[%emt 0:00:11]} Qg4 {[%emt 0:00:13]} 32. Qd2 {[%emt 0:00:05]} Ne4 {[%emt 0:00:10]} 33. Qd4 {[%emt 0:00:17]} Qf5 {[%emt 0:00:16]} 34. Rd3 {[%emt 0:00:16]} Rc4 {[%emt 0:00:07]} 35. Qe3 {[%emt 0:00:04]} d4 {[%emt 0:00:17]} 36. Qf4 {[%emt 0:00:19]} Qxf4 {[%emt 0:00:11]} 37. gxf4 {[%emt 0:00:00]} f5 {[%emt 0:00:09]} 38. Rh3 {[%emt 0:00:10]} Kg6 {[%emt 0:00:06]} 39. Bf3 {[%emt 0:00:01]} Rh8 {[%emt 0:00:08]} 40. Rd1 {[%emt 0:00:05]} Ba6 {[%emt 0:00:22]} 41. Kg2 {[%emt 0:00:18]} Rc2 {[%emt 0:00:02]} 42. Re1 {[%emt 0:00:02]} Rxb2 {[%emt 0:00:01]} 43. e3 {[%emt 0:00:05]} Nxf2 {[%emt 0:00:05]} 44. Rg3+ {[%emt 0:00:04]} Ng4+ {[%emt 0:00:02]} 45. Kg1 {[%emt 0:00:02]} dxe3 {[%emt 0:00:01]} 46. Bxg4 {[%emt 0:00:02]} hxg4 {[%emt 0:00:00]} 47. Rgxe3 {[%emt 0:00:00]} Rf8 {[%emt 0:00:02]} 48. Re6+ {[%emt 0:00:01]} Rf6 {[%emt 0:00:01]} 49. R6e3 {[%emt 0:00:04]} Bb7 {[%emt 0:00:02]} 50. Kf1 {[%emt 0:00:02]} Be4 {[%emt 0:00:01]} 51. Rc1 {[%emt 0:00:01]} Rh2 {[%emt 0:00:01]} 52. Kg1 {[%emt 0:00:01]} Rh1+ {[%emt 0:00:01]} 53. Kf2 {[%emt 0:00:00]} Rxc1 {[%emt 0:00:00]} 54. a4 {[%emt 0:00:02]} Rc2+ {[%emt 0:00:00]} 55. Ke1 {[%emt 0:00:01]} Ra2 {[%emt 0:00:02]} 56. Re2 {[%emt 0:00:00]} Rxa4 {[%emt 0:00:01]} 57. Kf2 {[%emt 0:00:00]} Bf3 {[%emt 0:00:00]} 58. Rb2 {[%emt 0:00:01]} Rxf4 {[%emt 0:00:00]} 59. Ke3 {[%emt 0:00:01]} Re4+ {[%emt 0:00:00]} 60. Kd3 {[%emt 0:00:00]} Re2 {[%emt 0:00:00]} 61. Rb5 {[%emt 0:00:02]} Rd6+ {[%emt 0:00:01]} 62. Kc3 {[%emt 0:00:01]} Re3+ {[%emt 0:00:01]} 63. Kc2 {[%emt 0:00:01]} Rc6+ {[%emt 0:00:01]} 64. Kb2 {[%emt 0:00:01]} Re2+ {[%emt 0:00:01]} 65. Kb3 {[%emt 0:00:01]} Rc5 {[%emt 0:00:03]} 66. Rb4 {[%emt 0:00:01]} Re4 {[%emt 0:00:01]} 67. Rxe4 {[%emt 0:00:02]} fxe4 {[%emt 0:00:00]} 68. Kb4 {[%emt 0:00:00]} g3 {[%emt 0:00:00]} 69. Kb3 {[%emt 0:00:01]} g2 {[%emt 0:00:00]} 70. Kb4 {[%emt 0:00:00]} g1=Q {[%emt 0:00:00]} 71. Kb3 {[%emt 0:00:00]} Qb1+ {[%emt 0:00:17]} 72. Ka4 {[%emt 0:00:03]} Ra5# {[%emt 0:00:00] (Lag: Av=0.74s, max=1.1s) (Lag: Av=0.74s, max=1.1s) (Lag: Av=0.74s, max=1.1s)} 0-1

[Event "Stay Safe Play From Home 378"]
[Site "Emanuel Lasker Arena"]
[Date "2020.08.12"]
[Round "1"]
[White "CabianoFaruana"]
[Black "Lazieri3"]
[Result "1-0"]
[WhiteElo "1620"]
[BlackElo "1995"]
[PlyCount "55"]
[EventDate "2020.08.12"]
[EventType "swiss (blitz)"]

1. e4 {[%emt 0:00:01]} c6 {[%emt 0:00:16]} 2. c4 {[%emt 0:00:01]} d5 {[%emt 0:00:00]} 3. cxd5 {[%emt 0:00:01]} cxd5 {[%emt 0:00:00]} 4. exd5 {[%emt 0:00:01]} Nf6 {[%emt 0:00:01]} 5. Nf3 {[%emt 0:00:02]} Nxd5 {[%emt 0:00:05]} 6. Nc3 {[%emt 0:00:01]} e6 {[%emt 0:00:01]} 7. d4 {[%emt 0:00:01]} Nc6 {[%emt 0:00:01]} 8. Bc4 {[%emt 0:00:01]} Be7 {[%emt 0:00:01]} 9. O-O {[%emt 0:00:01]} O-O {[%emt 0:00:01]} 10. Qe2 {[%emt 0:00:04]} Bf6 {[%emt 0:00:01]} 11. Rd1 {[%emt 0:00:03]} Re8 {[%emt 0:00:02]} 12. a3 {[%emt 0:00:06]} b6 {[%emt 0:00:02]} 13. Be3 {[%emt 0:00:03]} Bb7 {[%emt 0:00:01]} 14. Rac1 {[%emt 0:00:01]} Rc8 {[%emt 0:00:02]} 15. Ba2 {[%emt 0:00:15]} Nxe3 {[%emt 0:00:32]} 16. fxe3 {[%emt 0:00:02]} Ne7 {[%emt 0:00:01]} 17. e4 {[%emt 0:00:05]} g6 {[%emt 0:00:14]} 18. e5 {[%emt 0:00:04]} Bg7 {[%emt 0:00:01]} 19. Ne4 {[%emt 0:00:07]} Bxe4 {[%emt 0:00:07]} 20. Qxe4 {[%emt 0:00:00]} Nd5 {[%emt 0:00:05]} 21. Rxc8 {[%emt 0:00:22]} Qxc8 {[%emt 0:00:00]} 22. Bxd5 {[%emt 0:00:01]} exd5 {[%emt 0:00:34]} 23. Qxd5 {[%emt 0:00:08]} Qc2 {[%emt 0:00:01]} 24. Rf1 {[%emt 0:00:01]} Qxb2 {[%emt 0:00:03]} 25. Ng5 {[%emt 0:00:04]} Rf8 {[%emt 0:00:25]} 26. Rxf7 {[%emt 0:00:08]} Qc1+ {[%emt 0:00:22]} 27. Rf1+ {[%emt 0:00:02]} Kh8 {[%emt 0:00:05]} 28. Rxc1 {[%emt 0:00:01] Lazieri3 resigns Lazieri3 resigns Lazieri3 resigns (Lag: Av=0.67s, max=1.1s) (Lag: Av=0.67s, max=1.1s) (Lag: Av=0.67s, max=1.1s)} 1-0

[Event "Stay Safe Play From Home 378"]
[Site "Emanuel Lasker Arena"]
[Date "2020.08.12"]
[Round "2"]
[White "Mepe_Nika"]
[Black "Ionelluca"]
[Result "1-0"]
[WhiteElo "2368"]
[BlackElo "1953"]
[PlyCount "73"]
[EventDate "2020.08.12"]
[EventType "swiss (blitz)"]

1. d4 {[%emt 0:00:01]} Nf6 {[%emt 0:00:01]} 2. Bf4 {[%emt 0:00:01]} c6 {[%emt 0:00:01]} 3. e3 {[%emt 0:00:03]} d5 {[%emt 0:00:01]} 4. c4 {[%emt 0:00:01]} Nbd7 {[%emt 0:00:01]} 5. Nc3 {[%emt 0:00:01]} e6 {[%emt 0:00:01]} 6. Nf3 {[%emt 0:00:02]} Be7 {[%emt 0:00:01]} 7. Qc2 {[%emt 0:00:02]} Nf8 {[%emt 0:00:01]} 8. h3 {[%emt 0:00:04]} Ng6 {[%emt 0:00:01]} 9. Bh2 {[%emt 0:00:01]} Bd7 {[%emt 0:00:11]} 10. h4 {[%emt 0:00:07]} h6 {[%emt 0:00:06]} 11. Bd3 {[%emt 0:00:01]} Nf8 {[%emt 0:00:01]} 12. Ne5 {[%emt 0:00:02]} dxc4 {[%emt 0:00:11]} 13. Bxc4 {[%emt 0:00:03]} b5 {[%emt 0:00:01]} 14. Bd3 {[%emt 0:00:07]} b4 {[%emt 0:00:03]} 15. Na4 {[%emt 0:00:04]} Qa5 {[%emt 0:00:20]} 16. b3 {[%emt 0:00:08]} Rc8 {[%emt 0:00:05]} 17. Nc5 {[%emt 0:00:11]} Bxc5 {[%emt 0:00:05]} 18. dxc5 {[%emt 0:00:00]} Nd5 {[%emt 0:00:05]} 19. Nc4 {[%emt 0:00:04]} Qd8 {[%emt 0:00:03]} 20. Nd6+ {[%emt 0:00:03]} Ke7 {[%emt 0:00:04]} 21. e4 {[%emt 0:00:13]} Nc3 {[%emt 0:00:13]} 22. a3 {[%emt 0:00:01]} a5 {[%emt 0:00:13]} 23. axb4 {[%emt 0:00:01]} axb4 {[%emt 0:00:01]} 24. Nxc8+ {[%emt 0:00:03]} Qxc8 {[%emt 0:00:04]} 25. Bd6+ {[%emt 0:00:01]} Ke8 {[%emt 0:00:02]} 26. O-O {[%emt 0:00:01]} Ng6 {[%emt 0:00:02]} 27. Ra7 {[%emt 0:00:01]} f6 {[%emt 0:00:09]} 28. h5 {[%emt 0:00:02]} Ne5 {[%emt 0:00:03]} 29. Rfa1 {[%emt 0:00:01]} Kf7 {[%emt 0:00:01]} 30. f4 {[%emt 0:00:07]} Nxd3 {[%emt 0:00:07]} 31. Qxd3 {[%emt 0:00:00]} Rd8 {[%emt 0:00:06]} 32. e5 {[%emt 0:00:01]} f5 {[%emt 0:00:01]} 33. Kh2 {[%emt 0:00:01]} Kg8 {[%emt 0:00:01]} 34. Qg3 {[%emt 0:00:02]} Ne4 {[%emt 0:00:03]} 35. Qg6 {[%emt 0:00:02]} Nxd6 {[%emt 0:00:27]} 36. cxd6 {[%emt 0:00:05]} Qb8 {[%emt 0:00:02]} 37. Rc7 {[%emt 0:00:02] Ionelluca resigns Ionelluca resigns Ionelluca resigns (Lag: Av=0.53s, max=1.2s) (Lag: Av=0.53s, max=1.2s) (Lag: Av=0.53s, max=1.2s)} 1-0